000 00545nam a2200181Ia 4500
003 GCL
008 140319s9999 xx 000 0 ara d
040 _aGCL /
_cGCL
082 0 4 _a953
_bا ت
100 1 _aاميل توما
245 1 0 _aتاريخ سيرة الشعوب العربية الحديثة : الجزء الاول /
_cاميل توما
300 _a254 ص
490 _a
650 0 4 _aالعصر الحديث
650 0 4 _aالتاريخ الاسلامى
650 0 4 _aالعالم العربى - تاريخ
942 _2ddc
_cBK
999 _c44828
_d44828